00301nam a22000857a 4500008004100000082001500041245010300056260004700159300000900206230621b xxu||||| |||| 00| 0 eng d a328.3bCPA aReport of the Executive Committee 1981-82 and Proceedings of the General Assembly The Bahamas,1982 aUKbCommonwealth Parliamentary Association a129p